|
|
|
|
| LEADER |
01374nam a2200361Ia 4500 |
| 001 |
EBC3238146 |
| 003 |
MiAaPQ |
| 005 |
20200520144314.0 |
| 006 |
m o d | |
| 007 |
cr cn||||||||| |
| 008 |
110118s2011 si sb 001 0 eng d |
| 020 |
|
|
|z 9789814298025
|
| 020 |
|
|
|a 9789814298032 (electronic bk.)
|
| 035 |
|
|
|a (MiAaPQ)EBC3238146
|
| 035 |
|
|
|a (Au-PeEL)EBL3238146
|
| 035 |
|
|
|a (CaPaEBR)ebr10605265
|
| 035 |
|
|
|a (OCoLC)705538361
|
| 040 |
|
|
|a MiAaPQ
|c MiAaPQ
|d MiAaPQ
|
| 050 |
|
4 |
|a HC427
|b .D66 2011
|
| 100 |
1 |
|
|a Zhou, Dongtao.
|
| 245 |
1 |
0 |
|a Reforming China
|h [electronic resource] :
|b experiences and lessons /
|c Zhou Dongtao.
|
| 260 |
|
|
|a Singapore :
|b Enrich Professional Publishing,
|c c2011.
|
| 300 |
|
|
|a xvi, 497 p.
|
| 490 |
1 |
|
|a Enrich series on China's economic reform ;
|v vol. 2
|
| 504 |
|
|
|a Includes bibliographical references and index.
|
| 533 |
|
|
|a Electronic reproduction. Ann Arbor, MI : ProQuest, 2015. Available via World Wide Web. Access may be limited to ProQuest affiliated libraries.
|
| 650 |
|
0 |
|a Economic development
|z China.
|
| 651 |
|
0 |
|a China
|x Economic conditions.
|
| 655 |
|
4 |
|a Electronic books.
|
| 700 |
1 |
|
|a Yunling, Zhang.
|
| 710 |
2 |
|
|a ProQuest (Firm)
|
| 830 |
|
0 |
|a Enrich series on China's economic reform ;
|v v. 2.
|
| 856 |
4 |
0 |
|u https://ebookcentral.proquest.com/lib/matrademy/detail.action?docID=3238146
|z Click to View
|